[Event "Titled Tuesday intern op 16th Apr Late"]
[Site "Chess.com INT"]
[Date "2024.04.16"]
[Round "3"]
[White "Melkumyan, Hrant"]
[Black "Adla, Diego Gustavo"]
[Result "1-0"]
[WhiteElo "2640"]
[BlackElo "2387"]
[PlyCount "95"]
[EventDate "2024.04.16"]
[EventType "swiss (blitz)"]
[EventRounds "11"]
[EventCountry "USA"]
[SourceTitle "CB17_2024"]
[SourceDate "2024.04.24"]
[SourceVersion "1"]
[SourceVersionDate "2024.04.24"]
[SourceQuality "1"]

1. d4 d5 2. c4 e6 3. Nc3 c5 4. e3 Nf6 5. cxd5 exd5 6. Bb5+ Nc6 7. Nf3 cxd4 8. Nxd4 Bd7 9. Nf3 Bc5 10. 0-0 a6 11. Bxc6 bxc6 12. b3 0-0 13. Bb2 Bd6 14. Rc1 Qe7 15. Ne2 Ne4 16. Ng3 Nxg3 17. hxg3 a5 18. Nd4 Rfc8 19. Qd3 a4 20. Nf5 Bxf5 21. Qxf5 axb3 22. axb3 Rc7 23. Rc2 f6 24. Rfc1 Rac8 25. Bd4 Ba3 26. Ra1 Bb4 27. Ra6 Qe4 28. Qxe4 dxe4 29. Bc3 Be7 30. g4 Rb7 31. Ra4 Rxb3 32. Rxe4 Kf7 33. Rc4 c5 34. g3 Rd8 35. Kg2 Rd1 36. Bb2 Rb1 37. Bc1 Rd3 38. e4 Rd1 39. Be3 Re1 40. Kf3 Rb3 41. Ra2 g6 42. Ra7 h5 43. gxh5 gxh5 44. Rxc5 Rb8 45. Rxh5 Kg6 46. Rd5 Bf8 47. Rc7 Rb6 48. Bxb6 1-0

[Event "Titled Tuesday intern op 16th Apr Late"]
[Site "Chess.com INT"]
[Date "2024.04.16"]
[Round "1"]
[White "Melkumyan, Hrant"]
[Black "Gutierrez Olivares, Daniel"]
[Result "1-0"]
[WhiteElo "2640"]
[BlackElo "2354"]
[PlyCount "75"]
[EventDate "2024.04.16"]
[EventType "swiss (blitz)"]
[EventRounds "11"]
[EventCountry "USA"]
[SourceTitle "CB17_2024"]
[SourceDate "2024.04.24"]
[SourceVersion "1"]
[SourceVersionDate "2024.04.24"]
[SourceQuality "1"]

1. Nf3 Nf6 2. c4 d6 3. d4 Bg4 4. g3 c6 5. Bg2 e6 6. Nc3 Nbd7 7. 0-0 Be7 8. Qb3 Rb8 9. e4 Qc7 10. Be3 0-0 11. Rac1 Bh5 12. h3 Bg6 13. Nh4 Nh5 14. Nxg6 hxg6 15. a3 a6 16. Qa2 e5 17. b4 Qd8 18. Qd2 b5 19. d5 c5 20. cxb5 cxb4 21. axb4 axb5 22. Qd3 f5 23. Nxb5 f4 24. Ba7 Rxb5 25. Qxb5 fxg3 26. fxg3 Nxg3 27. Rxf8+ Nxf8 28. Bf2 Nh5 29. Bf3 Bh4 30. Rf1 Qg5+ 31. Bg4 Nf6 32. Qe2 Nh5 33. Bxh4 Qxh4 34. Qf2 Qxf2+ 35. Rxf2 Nf4 36. b5 Nd3 37. b6 Nc5 38. Rc2 1-0

[Event "Titled Tuesday intern op 02nd Apr Late"]
[Site "Chess.com INT"]
[Date "2024.04.02"]
[Round "8"]
[White "Melkumyan, Hrant"]
[Black "Hamitevici, Vladimir"]
[Result "1-0"]
[WhiteElo "2640"]
[BlackElo "2445"]
[PlyCount "130"]
[EventDate "2024.04.02"]
[EventType "swiss (blitz)"]
[EventRounds "11"]
[EventCountry "USA"]
[SourceTitle "CB15_2024"]
[SourceDate "2024.04.10"]
[SourceVersion "1"]
[SourceVersionDate "2024.04.10"]
[SourceQuality "1"]

1. c4 e5 2. Nc3 Bb4 3. Nd5 Be7 4. d4 c6 5. Nxe7 Qxe7 6. dxe5 Qxe5 7. Nf3 Qe7 8. e3 Nf6 9. Be2 0-0 10. 0-0 Na6 11. b3 Nc5 12. Ba3 d6 13. Qd4 Bf5 14. Rfd1 Rfd8 15. Bb2 Bc2 16. Rd2 Bg6 17. Nh4 a5 18. Nxg6 hxg6 19. Rad1 a4 20. b4 Ne6 21. Qd3 d5 22. a3 dxc4 23. Qxc4 Rxd2 24. Rxd2 Rd8 25. Rxd8+ Qxd8 26. Qc2 Nd5 27. g3 Nb6 28. Qc3 Qd5 29. h4 Qb3 30. Kg2 Qd5+ 31. Bf3 Qb3 32. Be2 Qd5+ 33. Kg1 f6 34. Qc2 Kf7 35. Bd3 g5 36. h5 Qb3 37. Bg6+ Ke7 38. Kg2 Qxc2 39. Bxc2 Nc4 40. Bc1 Nc7 41. Bxa4 Nb5 42. Bxb5 cxb5 43. g4 Ke6 44. f3 Kd5 45. Kf2 Nd6 46. Bb2 Nf7 47. f4 Kc4 48. Kf3 Kb3 49. Bd4 Kxa3 50. Ke4 gxf4 51. exf4 Kxb4 52. Kf5 Kc4 53. Ba1 b4 54. Kg6 Nd6 55. Kxg7 Kb3 56. h6 Ka2 57. h7 Kxa1 58. h8Q b3 59. Qh1+ Ka2 60. Qd5 Nc8 61. Qxb7 b2 62. Qxc8 b1Q 63. Qa8+ Kb2 64. Qb8+ Kc2 65. Qxb1+ Kxb1 1-0

[Event "Doeberl Cup 61st"]
[Site "Canberra"]
[Date "2024.03.31"]
[Round "8"]
[White "Melkumyan, Hrant"]
[Black "Litchfield, Frederick"]
[Result "1-0"]
[WhiteElo "2640"]
[BlackElo "2211"]
[PlyCount "63"]
[EventDate "2024.03.28"]
[EventType "swiss"]
[EventRounds "9"]
[EventCountry "AUS"]
[SourceTitle "CB14_2024"]
[SourceDate "2024.04.01"]
[SourceVersion "1"]
[SourceVersionDate "2024.04.01"]
[SourceQuality "1"]

1. c4 b6 2. d4 Bb7 3. Nc3 e6 4. a3 Nf6 5. d5 Bd6 6. g3 Be5 7. Bg2 Bxc3+ 8. bxc3 d6 9. Nh3 Nbd7 10. 0-0 e5 11. f4 h6 12. Nf2 Qe7 13. e4 a5 14. Re1 0-0 15. f5 Ba6 16. Bf1 Nc5 17. g4 Nfd7 18. g5 hxg5 19. Re3 g6 20. Rg3 f6 21. h4 Kf7 22. fxg6+ Kxg6 23. hxg5 f5 24. Rh3 Rh8 25. exf5+ Kxf5 26. Bd3+ Nxd3 27. Qxd3+ e4 28. Nxe4 Qxe4 29. Rf3+ Ke5 30. Bf4+ Qxf4 31. Re1+ Qe3+ 32. Rexe3# 1-0

[Event "Doeberl Cup 61st"]
[Site "Canberra"]
[Date "2024.03.30"]
[Round "6"]
[White "Melkumyan, Hrant"]
[Black "Radovanovic, Mihajlo"]
[Result "1-0"]
[WhiteElo "2640"]
[BlackElo "2464"]
[PlyCount "99"]
[EventDate "2024.03.28"]
[EventType "swiss"]
[EventRounds "9"]
[EventCountry "AUS"]
[SourceTitle "CB14_2024"]
[SourceDate "2024.04.01"]
[SourceVersion "1"]
[SourceVersionDate "2024.04.01"]
[SourceQuality "1"]

1. d4 d6 2. e4 Nf6 3. Nc3 g6 4. f3 Bg7 5. Be3 a6 6. Qd2 b5 7. Bh6 0-0 8. Bxg7 Kxg7 9. Nge2 c5 10. d5 Nbd7 11. Ng3 Nb6 12. a4 Bd7 13. a5 Nc8 14. Be2 e5 15. 0-0 h5 16. Qg5 Qe7 17. h4 Rh8 18. f4 Ng4 19. f5 Qxg5 20. hxg5 Ne3 21. f6+ Kf8 22. Rfc1 Ke8 23. Kf2 Ng4+ 24. Bxg4 Bxg4 25. Nf1 b4 26. Nb1 Na7 27. Nbd2 Kd8 28. Ne3 Bd7 29. Rh1 Kc7 30. Rh4 Nb5 31. Rah1 Rhf8 32. Ndc4 Nd4 33. Nb6 Rab8 34. c3 bxc3 35. bxc3 Nb3 36. Nbc4 Rb5 37. g4 hxg4 38. Rh8 Rxh8 39. Rxh8 Nxa5 40. Rf8 Nxc4 41. Nxc4 Rb3 42. Rxf7 Rxc3 43. Nb6 Kxb6 44. Rxd7 Rf3+ 45. Kg2 c4 46. Rxd6+ Kb5 47. Rc6 a5 48. Rc8 a4 49. d6 a3 50. d7 1-0

[Event "Titled Tuesday intern op 12th Mar Late"]
[Site "Chess.com INT"]
[Date "2024.03.12"]
[Round "2"]
[White "Melkumyan, Hrant"]
[Black "Ilkhomi, Jaloliddin"]
[Result "1-0"]
[WhiteElo "2640"]
[BlackElo "2131"]
[PlyCount "139"]
[EventDate "2024.03.12"]
[EventType "swiss (blitz)"]
[EventRounds "11"]
[EventCountry "USA"]
[SourceTitle "CB12_2024"]
[SourceDate "2023.10.01"]
[SourceVersion "1"]
[SourceVersionDate "2023.10.01"]
[SourceQuality "1"]

1. c4 Nf6 2. g3 e6 3. Bg2 d5 4. Nf3 b6 5. cxd5 exd5 6. d4 Bb7 7. Nc3 Bd6 8. 0-0 a6 9. Bf4 Bxf4 10. gxf4 0-0 11. e3 Nbd7 12. b4 Qe7 13. Qb3 Rab8 14. Rfc1 c5 15. bxc5 bxc5 16. Qa3 Rfc8 17. Na4 Ne4 18. Nxc5 Ndxc5 19. dxc5 Rxc5 20. Rxc5 Qxc5 21. Qxc5 Nxc5 22. Rb1 Rc8 23. Nd4 Ba8 24. Bh3 Rd8 25. Rb6 Kf8 26. Bf1 Bb7 27. a4 Rd7 28. a5 g6 29. h4 Ke7 30. h5 Rd6 31. Rb1 Rd7 32. Rb6 Rd6 33. Rb4 Rd7 34. h6 Kd6 35. Bh3 f5 36. Rb6+ Ke7 37. Bf1 Rd6 38. Rb4 Rd7 39. Nf3 d4 40. Nxd4 Ne6 41. Nxe6 Kxe6 42. Rb6+ Ke7 43. Kh2 Be4 44. Bg2 Bd3 45. Bb7 Rc7 46. Bxa6 Be4 47. Bf1 Rc1 48. Bg2 Bd3 49. Rb7+ Kf6 50. Rxh7 Rc8 51. Rd7 Bb5 52. Rd6+ Kf7 53. Rb6 Bc4 54. Rc6 Rxc6 55. Bxc6 Ba6 56. Bd5+ Kf6 57. Kg2 g5 58. fxg5+ Kg6 59. f4 Kh7 60. Kg3 Kg6 61. Kh4 Bc8 62. Bc6 Ba6 63. Be8+ Kh7 64. Bh5 Bb5 65. Bd1 Ba6 66. Bc2 Kg6 67. Bxf5+ Kf7 68. g6+ Kg8 69. g7 Bc4 70. a6 1-0

[Event "Titled Tuesday intern op 12th Mar Late"]
[Site "Chess.com INT"]
[Date "2024.03.12"]
[Round "3"]
[White "Sowinski, Pawel"]
[Black "Melkumyan, Hrant"]
[Result "1-0"]
[WhiteElo "2387"]
[BlackElo "2640"]
[PlyCount "73"]
[EventDate "2024.03.12"]
[EventType "swiss (blitz)"]
[EventRounds "11"]
[EventCountry "USA"]
[SourceTitle "CB12_2024"]
[SourceDate "2023.10.01"]
[SourceVersion "1"]
[SourceVersionDate "2023.10.01"]
[SourceQuality "1"]

1. e4 c6 2. d4 d5 3. exd5 cxd5 4. Bd3 Nf6 5. c3 Bg4 6. Qb3 Qc8 7. Bf4 Nc6 8. Nd2 e6 9. Ngf3 Be7 10. 0-0 0-0 11. Rae1 Bh5 12. Ne5 Nxe5 13. Bxe5 Bg6 14. Bxg6 hxg6 15. Bxf6 gxf6 16. Qb5 Bd6 17. f4 Kg7 18. g3 Qc6 19. Qd3 b5 20. h4 Rh8 21. Re2 b4 22. c4 dxc4 23. Nxc4 Rad8 24. Ne3 Bc7 25. d5 exd5 26. f5 Qd6 27. fxg6 fxg6 28. Rf3 Rhe8 29. h5 f5 30. hxg6 Bb6 31. Qxf5 Re7 32. Kg2 Rde8 33. Qh5 Qxg6 34. Nf5+ Qxf5 35. Rxf5 Rxe2+ 36. Kh3 R2e7 37. Rg5+ 1-0

[Event "Titled Tuesday intern op 27th Feb Late"]
[Site "Chess.com INT"]
[Date "2024.02.27"]
[Round "3"]
[White "Dziewonski, Dariusz"]
[Black "Melkumyan, Hrant"]
[Result "0-1"]
[WhiteElo "2316"]
[BlackElo "2640"]
[PlyCount "128"]
[EventDate "2024.02.27"]
[EventType "swiss (blitz)"]
[EventRounds "11"]
[EventCountry "USA"]
[SourceTitle "CB10_2024"]
[SourceDate "2024.03.06"]
[SourceVersion "1"]
[SourceVersionDate "2024.03.06"]
[SourceQuality "1"]

1. e4 c5 2. Nf3 Nc6 3. Nc3 g6 4. d4 cxd4 5. Nxd4 Bg7 6. Be3 Nf6 7. Bc4 0-0 8. Bb3 Re8 9. 0-0 d6 10. h3 Na5 11. Re1 Nxb3 12. axb3 b6 13. Nc6 Qd7 14. Nb4 Bb7 15. Nbd5 e6 16. Nxf6+ Bxf6 17. Bd4 Be7 18. Qd2 f6 19. Rad1 Rec8 20. Be3 b5 21. b4 Qc6 22. Bf4 Rd8 23. Qd3 a6 24. f3 Rac8 25. Rd2 Qc4 26. Qxc4 Rxc4 27. Na2 d5 28. b3 Rxb4 29. Bc7 Rc8 30. Ba5 Bc5+ 31. Kh1 Rd4 32. Rxd4 Bxd4 33. c3 Be5 34. exd5 Bxd5 35. Nb4 Bxc3 36. Rc1 Bb7 37. Rc2 e5 38. h4 Kf7 39. h5 gxh5 40. Kh2 Ke6 41. Kh3 Bxb4 42. Rxc8 Bxa5 43. Rh8 Bd5 44. Rxh7 Bxb3 45. Rxh5 Bc3 46. Rh8 a5 47. Rb8 b4 48. Rb6+ Kf7 49. g4 a4 50. Kg3 a3 51. g5 fxg5 52. Kg4 a2 53. Kf5 a1Q 54. Rb7+ Ke8 55. f4 exf4 56. Kg6 Qa6+ 57. Kh5 Qxb7 58. Kg4 Be6+ 59. Kh5 Qh7+ 60. Kxg5 Qf5+ 61. Kh6 Qh3+ 62. Kg6 Qg4+ 63. Kh7 Bg8+ 64. Kh6 Bg7# 0-1

[Event "Titled Tuesday intern op 13th Feb Late"]
[Site "Chess.com INT"]
[Date "2024.02.13"]
[Round "11"]
[White "Mekhitarian, Krikor Sevag"]
[Black "Melkumyan, Hrant"]
[Result "1/2-1/2"]
[WhiteElo "2554"]
[BlackElo "2640"]
[PlyCount "157"]
[EventDate "2024.02.13"]
[EventType "swiss (blitz)"]
[EventRounds "11"]
[EventCountry "USA"]
[SourceTitle "CB08_2024"]
[SourceDate "2024.02.21"]
[SourceVersion "1"]
[SourceVersionDate "2024.02.21"]
[SourceQuality "1"]

1. Nf3 c5 2. c4 g6 3. d4 cxd4 4. Nxd4 Nf6 5. Nc3 Nc6 6. e4 Nxd4 7. Qxd4 d6 8. Be2 Bg7 9. 0-0 0-0 10. Bg5 a5 11. Qe3 a4 12. Rac1 Qa5 13. Rfd1 Be6 14. h3 Rfc8 15. Nd5 Bxd5 16. exd5 Qb4 17. Rb1 Re8 18. Qd3 Nd7 19. Bd2 Qb6 20. b4 axb3 21. axb3 Ra2 22. Be3 Qb4 23. Bd2 Qa3 24. b4 Qa7 25. Be3 b6 26. Bf1 Ra8 27. Qe4 Bf6 28. h4 h5 29. g3 Ne5 30. c5 bxc5 31. bxc5 Ra4 32. Qg2 Ng4 33. Bf4 Qxc5 34. Be2 Rxf4 35. gxf4 Bxh4 36. Bxg4 hxg4 37. Rbc1 Qa7 38. Ra1 Qxa1 39. Rxa1 Rxa1+ 40. Kh2 f5 41. f3 g3+ 42. Kh3 Bf6 43. Kxg3 Kg7 44. Qe2 Ra4 45. Qd2 Rd4 46. Qe3 Rxd5 47. Qb3 Rd4 48. Qe6 Rd2 49. Qe3 Rd4 50. Qe6 Rb4 51. Qe3 Rb5 52. Qe6 Rc5 53. Qd7 d5 54. Qe6 d4 55. Qe2 Rc3 56. Qd2 Rc6 57. Qd3 Rd6 58. Kf2 Re6 59. Qc4 Re3 60. Qd5 Ra3 61. Qc5 Ra2+ 62. Kg3 d3 63. Qd5 d2 64. Kh3 Rb2 65. Kg3 Rc2 66. Kh3 Bc3 67. Qd7 Bb4 68. Qd4+ Kg8 69. Qd5+ Kf8 70. Qd8+ Kg7 71. Qd5 Kh7 72. Qd3 Rc6 73. Qe2 Re6 74. Qxe6 d1Q 75. Qf7+ Kh6 76. Qf8+ Kh7 77. Qf7+ Kh6 78. Qf8+ Kh7 79. Qf7+ 1/2-1/2

[Event "Titled Tuesday intern op 06th Feb Late"]
[Site "Chess.com INT"]
[Date "2024.02.06"]
[Round "8"]
[White "Melkumyan, Hrant"]
[Black "Saveliev, Alexei"]
[Result "1-0"]
[WhiteElo "2640"]
[BlackElo "2366"]
[PlyCount "125"]
[EventDate "2024.02.06"]
[EventType "swiss (blitz)"]
[EventRounds "11"]
[EventCountry "USA"]
[SourceTitle "CB07_2024"]
[SourceDate "2024.02.14"]
[SourceVersion "1"]
[SourceVersionDate "2024.02.14"]
[SourceQuality "1"]

1. c4 g6 2. e4 c5 3. Nf3 Nc6 4. d4 cxd4 5. Nxd4 Bg7 6. Be3 d6 7. Nc3 Nf6 8. f3 0-0 9. Be2 Bd7 10. 0-0 a5 11. b3 Nxd4 12. Bxd4 Bc6 13. Qd2 Nd7 14. Be3 Nc5 15. Rfc1 Qb6 16. Rab1 Rfc8 17. Rc2 h5 18. Kh1 Kh7 19. Bf1 Qd8 20. Ne2 Qh8 21. Nf4 Ne6 22. Nxe6 fxe6 23. Bg5 Qf8 24. Re1 Bh6 25. e5 d5 26. c5 Bxg5 27. Qxg5 Qf7 28. Bd3 Kg7 29. a3 Rf8 30. h4 Rae8 31. b4 axb4 32. axb4 d4 33. Rc4 Rd8 34. Rc2 Be8 35. Kh2 Rd7 36. b5 Qf4+ 37. Qxf4 Rxf4 38. Kg3 Rf8 39. Ra1 g5 40. hxg5 Bg6 41. Bxg6 Kxg6 42. Ra7 d3 43. Rd2 Rd5 44. Rxb7 Rxc5 45. f4 h4+ 46. Kf3 Rc4 47. Rxe7 Rfxf4+ 48. Ke3 Rce4+ 49. Kxd3 Rxe5 50. Rb2 Rg4 51. b6 Rg3+ 52. Kd4 Rd5+ 53. Ke4 Rg4+ 54. Kf3 Rg3+ 55. Kf2 Rf5+ 56. Kg1 h3 57. Rxe6+ Kxg5 58. b7 hxg2 59. Re1 Rf1+ 60. Rxf1 gxf1Q+ 61. Kxf1 Rf3+ 62. Ke2 Rb3 63. Rxb3 1-0

[Event "Titled Tuesday intern op 06th Feb Late"]
[Site "Chess.com INT"]
[Date "2024.02.06"]
[Round "7"]
[White "Olsen, Filip Boe"]
[Black "Melkumyan, Hrant"]
[Result "1/2-1/2"]
[WhiteElo "2454"]
[BlackElo "2640"]
[PlyCount "130"]
[EventDate "2024.02.06"]
[EventType "swiss (blitz)"]
[EventRounds "11"]
[EventCountry "USA"]
[SourceTitle "CB07_2024"]
[SourceDate "2024.02.14"]
[SourceVersion "1"]
[SourceVersionDate "2024.02.14"]
[SourceQuality "1"]

1. d4 Nf6 2. Nf3 g6 3. Bf4 Bg7 4. e3 0-0 5. h3 c5 6. c3 Qb6 7. Qb3 d6 8. Nbd2 Be6 9. Bc4 d5 10. Be2 Nbd7 11. 0-0 c4 12. Qc2 Bf5 13. Qc1 Qc6 14. Bd1 b5 15. Bc2 Bxc2 16. Qxc2 a5 17. Rfe1 e6 18. e4 Nxe4 19. Nxe4 dxe4 20. Rxe4 Nf6 21. Ree1 Nd5 22. Be5 f6 23. Bg3 Rfe8 24. Re2 b4 25. Rae1 a4 26. a3 bxa3 27. bxa3 Bf8 28. Qb2 Ra7 29. Nd2 Rb7 30. Qc1 Qa6 31. Ne4 Rb3 32. Bh4 Bxa3 33. Qh6 Bf8 34. Qd2 Bg7 35. Nc5 Qa5 36. Rxe6 Rxe6 37. Rxe6 Bf8 38. Nd7 Rb7 39. Nxf8 a3 40. Qh6 a2 41. Nd7 a1Q+ 42. Kh2 Qc7+ 43. Ne5 Qc8 44. Nxg6 hxg6 45. Qxg6+ Rg7 46. Re8+ Qxe8 47. Qxe8+ Kh7 48. Qh5+ Kg8 49. Qe8+ Kh7 50. Qh5+ Kg8 51. Qxd5+ Kh8 52. Qh5+ Kg8 53. Qe8+ Kh7 54. Qh5+ Kg8 55. Bxf6 Qxc3 56. Bxg7 Kxg7 57. Qe5+ Kf7 58. Qf5+ Ke7 59. d5 Qd4 60. Qe6+ Kd8 61. d6 Qf4+ 62. Kg1 Qc1+ 63. Kh2 Qf4+ 64. Kg1 Qc1+ 65. Kh2 Qf4+ 1/2-1/2

[Event "Chessable Masters Play In"]
[Site "Chess.com INT"]
[Date "2024.01.31"]
[Round "8"]
[White "Meier, Georg"]
[Black "Melkumyan, Hrant"]
[Result "1-0"]
[WhiteElo "2620"]
[BlackElo "2640"]
[PlyCount "131"]
[EventDate "2024.01.31"]
[EventType "swiss (rapid)"]
[EventRounds "9"]
[EventCountry "USA"]
[SourceTitle "CB06_2024"]
[SourceDate "2024.02.07"]
[SourceVersion "1"]
[SourceVersionDate "2024.02.07"]
[SourceQuality "1"]

1. Nf3 c5 2. c4 g6 3. d4 cxd4 4. Nxd4 Nc6 5. e4 Nf6 6. Nc3 d6 7. Be2 Nxd4 8. Qxd4 Bg7 9. Be3 a5 10. 0-0 0-0 11. Qd2 a4 12. Rac1 Be6 13. f3 Qa5 14. Nb5 Qxd2 15. Bxd2 Rfc8 16. Be3 Nd7 17. Nd4 Nc5 18. Rc2 Bd7 19. Rd2 Kf8 20. Rb1 Na6 21. Nc2 f5 22. b4 axb3 23. axb3 fxe4 24. fxe4 Nc5 25. Bf3 Bc6 26. Bxc5 dxc5 27. Kf1 Be5 28. h3 Kg7 29. Ne1 Rf8 30. Ke2 Bd4 31. Rc2 Ra3 32. Rd2 Bc3 33. Rc2 Bd4 34. Rd2 e5 35. Nc2 Raa8 36. b4 b6 37. bxc5 bxc5 38. Rb6 Rf6 39. Nxd4 exd4 40. Rdb2 Re8 41. Kf2 Rfe6 42. Ra6 Bxe4 43. Ra5 Bxf3 44. gxf3 Re5 45. Rbb5 Rc8 46. Rb7+ Kh6 47. Raa7 Rh8 48. Rd7 Rf5 49. Kg3 Rg5+ 50. Kf2 Rf5 51. Rac7 g5 52. Rd5 Rhf8 53. Rd6+ R8f6 54. Rxf6+ Rxf6 55. Rxc5 Rd6 56. Ke2 Kg6 57. Re5 Ra6 58. Rd5 Ra2+ 59. Kf1 Rh2 60. Rxd4 Rxh3 61. Kg2 Rh5 62. c5 Kf5 63. c6 Rh6 64. Rc4 g4 65. fxg4+ Ke5 66. c7 1-0

[Event "Titled Tuesday intern op 23rd Jan Late"]
[Site "Chess.com INT"]
[Date "2024.01.23"]
[Round "8"]
[White "Amburgy, Ryan"]
[Black "Melkumyan, Hrant"]
[Result "0-1"]
[WhiteElo "2200"]
[BlackElo "2640"]
[PlyCount "76"]
[EventDate "2024.01.23"]
[EventType "swiss (blitz)"]
[EventRounds "11"]
[EventCountry "USA"]
[SourceTitle "CB05_2024"]
[SourceDate "2024.01.31"]
[SourceVersion "1"]
[SourceVersionDate "2024.01.31"]
[SourceQuality "1"]

1. Nf3 c5 2. g3 Nc6 3. d4 cxd4 4. Nxd4 g6 5. Bg2 Bg7 6. Nb3 d6 7. 0-0 Be6 8. Nc3 Qd7 9. Be3 Bh3 10. Qd3 h5 11. Qb5 Bxg2 12. Kxg2 h4 13. Rh1 h3+ 14. Kg1 Nf6 15. f3 Rc8 16. Kf2 Rh5 17. Qa4 Rf5 18. Rad1 b5 19. Qh4 Rh5 20. Qf4 Rf5 21. Qh4 Ne5 22. Bg5 b4 23. Bxf6 Bxf6 24. Qxb4 Rc4 25. Qb8+ Rc8 26. Qb4 Nc6 27. Qe4 Kf8 28. Nd5 Bxb2 29. g4 Re5 30. Qf4 Kg8 31. Qg3 Qe6 32. Nf4 Qc4 33. Nd3 Bd4+ 34. Nxd4 Nxd4 35. Kf1 Qxc2 36. Re1 Rxe2 37. Rxe2 Qxe2+ 38. Kg1 Nxf3+ 0-1

[Event "Titled Tuesday intern op 23rd Jan Late"]
[Site "Chess.com INT"]
[Date "2024.01.23"]
[Round "5"]
[White "Kuzmicz, Krystian"]
[Black "Melkumyan, Hrant"]
[Result "0-1"]
[WhiteElo "2471"]
[BlackElo "2640"]
[PlyCount "52"]
[EventDate "2024.01.23"]
[EventType "swiss (blitz)"]
[EventRounds "11"]
[EventCountry "USA"]
[SourceTitle "CB05_2024"]
[SourceDate "2024.01.31"]
[SourceVersion "1"]
[SourceVersionDate "2024.01.31"]
[SourceQuality "1"]

1. e4 c6 2. d4 d5 3. f3 e6 4. Be3 b6 5. Bd3 Ba6 6. Ne2 Bxd3 7. Qxd3 Qc8 8. Nbc3 Qa6 9. Qd2 Nd7 10. 0-0 Be7 11. Rae1 Ngf6 12. e5 Ng8 13. f4 g6 14. g4 h5 15. h3 hxg4 16. hxg4 Nh6 17. f5 Nxg4 18. fxe6 fxe6 19. Bg5 Rh5 20. Bxe7 Kxe7 21. Nf4 Rg8 22. Nxh5 gxh5 23. Kh1 Qc8 24. Qf4 Qe8 25. Nd1 Qg6 26. Re2 Rf8 0-1

[Event "Titled Tuesday intern op 23rd Jan Late"]
[Site "Chess.com INT"]
[Date "2024.01.23"]
[Round "1"]
[White "Rees, Ioan"]
[Black "Melkumyan, Hrant"]
[Result "0-1"]
[WhiteElo "2273"]
[BlackElo "2640"]
[PlyCount "122"]
[EventDate "2024.01.23"]
[EventType "swiss (blitz)"]
[EventRounds "11"]
[EventCountry "USA"]
[SourceTitle "CB05_2024"]
[SourceDate "2024.01.31"]
[SourceVersion "1"]
[SourceVersionDate "2024.01.31"]
[SourceQuality "1"]

1. e4 c6 2. Nc3 d5 3. Nf3 Bg4 4. h3 Bxf3 5. Qxf3 e6 6. Qg3 Nd7 7. Be2 Qb8 8. Qxb8+ Rxb8 9. d3 Bb4 10. Bd2 Ngf6 11. a3 Ba5 12. b4 Bc7 13. 0-0 0-0 14. f4 dxe4 15. Nxe4 Rfd8 16. Nxf6+ Nxf6 17. Be3 Bb6 18. Bxb6 axb6 19. Bf3 Ra8 20. a4 Rd4 21. Rfb1 Rxf4 22. a5 b5 23. a6 Rxa6 24. Rxa6 bxa6 25. Bxc6 g6 26. c3 Rf5 27. Ra1 Nd5 28. Ra3 Re5 29. Kf2 Nc7 30. d4 Rf5+ 31. Bf3 h5 32. Ke3 Kf8 33. Bb7 Rf1 34. Bxa6 Re1+ 35. Kf2 Rc1 36. Bb7 Rc2+ 37. Ke3 Ke7 38. Kd3 Rc1 39. Bf3 f5 40. Kd2 Rf1 41. Ra7 Kd7 42. Be2 Rf2 43. Ke3 Rxg2 44. Bxb5+ Kd6 45. Bf1 Rg3+ 46. Kd2 Rf3 47. Be2 Rxh3 48. b5 Nd5 49. c4 Nf4 50. Bf3 Rxf3 51. b6 Kc6 52. c5 Nd5 53. Rg7 Rg3 54. Kc2 Nxb6 55. cxb6 Kxb6 56. Re7 Kc6 57. Rxe6+ Kd5 58. Re8 Kxd4 59. Kd2 h4 60. Ke1 Re3+ 61. Kf2 Rxe8 0-1

[Event "Titled Tuesday intern op 16th Jan Late"]
[Site "Chess.com INT"]
[Date "2024.01.16"]
[Round "1"]
[White "Senft, Sean"]
[Black "Melkumyan, Hrant"]
[Result "0-1"]
[WhiteElo "2107"]
[BlackElo "2640"]
[PlyCount "66"]
[EventDate "2024.01.16"]
[EventType "swiss (blitz)"]
[EventRounds "11"]
[EventCountry "USA"]
[SourceTitle "CB04_2024"]
[SourceDate "2023.10.16"]
[SourceVersion "1"]
[SourceVersionDate "2023.10.16"]
[SourceQuality "1"]

1. d4 Nf6 2. c4 e6 3. Nc3 d5 4. cxd5 exd5 5. Bg5 c6 6. e3 Be7 7. Bd3 0-0 8. Qc2 h6 9. Bh4 Ne8 10. Bg3 Nd6 11. Nf3 Re8 12. 0-0 Nd7 13. Ne5 Nxe5 14. dxe5 Nc4 15. Rad1 Qa5 16. Qe2 b5 17. Bb1 Bb4 18. Qc2 g6 19. Ne2 Bf5 20. Qc1 Bd2 21. Rxd2 Qxd2 22. Bxf5 Qxc1 23. Rxc1 gxf5 24. b3 Nxe5 25. Nd4 f4 26. exf4 Nd3 27. Rd1 c5 28. Nf5 c4 29. Kf1 Rac8 30. Nd6 c3 31. Nxe8 c2 32. Nf6+ Kg7 33. Nh5+ Kg6 0-1

[Event "FIDE Grand Swiss"]
[Site "Douglas"]
[Date "2023.11.05"]
[Round "11"]
[White "Krasenkow, Michal"]
[Black "Melkumyan, Hrant"]
[Result "1-0"]
[WhiteElo "2531"]
[BlackElo "2650"]
[PlyCount "81"]
[EventDate "2023.10.25"]
[EventType "swiss"]
[EventRounds "11"]
[EventCountry "IOM"]
[SourceTitle "Mega2024 Update 01"]
[Source "Chessbase"]
[SourceDate "2023.11.12"]
[SourceVersion "1"]
[SourceVersionDate "2023.11.12"]
[SourceQuality "1"]

1. d4 d5 2. c4 e6 3. Nc3 Be7 4. Nf3 Nf6 5. Bf4 0-0 6. e3 b6 7. cxd5 Nxd5 8. Nxd5 Qxd5 9. Bd3 Ba6 10. 0-0 Qb7 11. Rc1 c5 12. dxc5 bxc5 13. Ng5 Bxg5 14. Bxg5 Rc8 15. b3 Qd5 16. Bxa6 Nxa6 17. Qg4 Qf5 18. Qxf5 exf5 19. Rfd1 f6 20. Bf4 Rd8 21. a3 Kf7 22. Kf1 g5 23. Bg3 Ke7 24. Ke2 h5 25. h3 h4 26. Bh2 Rac8 27. Rxd8 Rxd8 28. Rc4 Rc8 29. b4 Ke6 30. b5 Kd5 31. Ra4 Nc7 32. Bxc7 Rxc7 33. Kd3 f4 34. e4+ Ke5 35. f3 Rd7+ 36. Kc3 Rd1 37. Rxa7 Rc1+ 38. Kb2 Rg1 39. b6 Rxg2+ 40. Kc3 Kd6 41. Rf7 1-0